000 00445nam a2200169 4500
001 45099
090 _a45099
100 _a20251106 pory50
101 _apor
102 _aPT
200 _aA casinha de chocolate
_fil. Roser Rius , adap. Mónica Bosom
_gtrad. Alice Moura Bessa
210 _aPorto
_cCivilização
_d[imp. 1999]
215 _a1 v.
_cil.
225 _aTeatro de Conto de fadas
675 _a82-93
801 _aPT
_gRPC
990 _cLIVROS